| 000 | 00395nam a2200169Ia 4500 | ||
|---|---|---|---|
| 008 | 231221s9999 xx 000 0 und d | ||
| 020 | _a8126119306 | ||
| 041 | _aEnglish | ||
| 082 | _a372.891 RAO;6 | ||
| 100 | _aRao, M S | ||
| 245 | 0 | _aTeaching of geography | |
| 260 |
_c1993 _bAnmol Publ. _aNew Delhi |
||
| 300 | _avii+199 | ||
| 500 | _a | ||
| 650 | _aTeaching,geography | ||
| 942 | _cED | ||
| 999 |
_c207111 _d207111 |
||